000 00859nam a22002411u 4500
001 14393
003 HDC
007 cr cn ---aaaaa
008 210214p2005 ||||| |||| 00| 0 eng
040 _aHDC
245 0 _aProspects for the agricultural sector in the Netherlands: The choice for agriculture, background report
260 _a[No place] :
_b[publisher not identified] ,
_c2005
300 _a274 pages
336 _atext
_2rdacontent
337 _acomputer
_2rdamedia
338 _aonline resource
_2rdacarrier
650 _aagricultural economics
_914980
650 _aagricultural sector
_zNetherland
_914979
856 _zRequest full-text at [email protected]
942 _2lcc
942 _cEIS
942 _kREPT 000288
999 _c11709
_d11709